[Event "Saint Affrique op 29th"]
[Site "Saint Affrique"]
[Date "2023.07.25"]
[Round "5"]
[White "Villeneuve, Robin"]
[Black "Pierrot, Yohann"]
[Result "1/2-1/2"]
[WhiteElo "2014"]
[BlackElo "1861"]
[PlyCount "61"]
[EventDate "2023.07.22"]
[EventType "swiss"]
[EventRounds "9"]
[EventCountry "FRA"]
[SourceTitle "CBM 215 Extra"]
[Source "ChessBase"]
[SourceDate "2023.09.30"]
[SourceVersion "1"]
[SourceVersionDate "2023.09.30"]
[SourceQuality "1"]

1. e4 c6 2. d4 d5 3. Nd2 dxe4 4. Nxe4 Bf5 5. Ng3 Bg6 6. Nf3 Nd7 7. h4 h6 8. h5 Bh7 9. Bd3 Bxd3 10. Qxd3 e6 11. Bd2 Qc7 12. 0-0-0 0-0-0 13. Kb1 Ngf6 14. Rhe1 Bd6 15. Ne4 Nxe4 16. Qxe4 Rhe8 17. Ne5 f5 18. Qe2 Nxe5 19. dxe5 Bc5 20. f4 Rd5 21. Be3 Bxe3 22. Qxe3 b6 23. Rxd5 cxd5 24. Rd1 Kb8 25. Rd3 Qc5 26. Qd4 Rc8 27. c3 Qb5 28. a4 Qb3 29. Qb4 Qxb4 30. cxb4 Rc7 31. Rc3 1/2-1/2

[Event "FRA-ch Blitz Online Qual"]
[Site "Europe Echecs INT"]
[Date "2020.05.16"]
[Round "4"]
[White "Berger Dit Lacroix, Kilian"]
[Black "Villeneuve, Robin"]
[Result "1-0"]
[WhiteElo "2129"]
[BlackElo "1662"]
[PlyCount "53"]
[EventDate "2020.05.16"]
[EventType "swiss (blitz)"]
[EventRounds "15"]
[EventCountry "FRA"]
[SourceTitle "CBM 196 Extra"]
[Source "ChessBase"]
[SourceDate "2020.07.31"]
[SourceVersion "1"]
[SourceVersionDate "2020.07.31"]
[SourceQuality "1"]

1. e4 e5 2. Nf3 Nc6 3. d4 exd4 4. Nxd4 Bc5 5. Be3 Qf6 6. c3 Nge7 7. g3 d5 8. Bg2 dxe4 9. Nd2 Bd7 10. Nxe4 Qe5 11. Nxc5 Qxc5 12. Nxc6 Qf5 13. Nxe7 Kxe7 14. 0-0 Rad8 15. Qb3 Rhe8 16. Qa3+ Kf6 17. Bd4+ Kg6 18. Qxa7 h6 19. Qxb7 Kh7 20. Rfe1 Kg8 21. Qxc7 Rc8 22. Rxe8+ Rxe8 23. h3 Re2 24. a4 Rd2 25. Qe5 Qg6 26. a5 Bb5 27. Qxb5 1-0

[Event "FRA-ch Blitz Online Qual"]
[Site "Europe Echecs INT"]
[Date "2020.05.16"]
[Round "8"]
[White "Thobie, Pascal"]
[Black "Villeneuve, Robin"]
[Result "0-1"]
[WhiteElo "1216"]
[BlackElo "1662"]
[PlyCount "68"]
[EventDate "2020.05.16"]
[EventType "swiss (blitz)"]
[EventRounds "15"]
[EventCountry "FRA"]
[SourceTitle "CBM 196 Extra"]
[Source "ChessBase"]
[SourceDate "2020.07.31"]
[SourceVersion "1"]
[SourceVersionDate "2020.07.31"]
[SourceQuality "1"]

1. Nf3 Nf6 2. c4 c5 3. Nc3 Nc6 4. e3 e5 5. e4 Be7 6. d3 d6 7. Nd5 Be6 8. Nxe7 Qxe7 9. a3 0-0 10. Bg5 h6 11. Bh4 Kh8 12. Be2 a6 13. 0-0 b5 14. cxb5 axb5 15. h3 Rg8 16. Qd2 Na5 17. Rab1 Nb3 18. Qc2 g5 19. Bg3 g4 20. Nd2 gxh3 21. Nxb3 h5 22. Bxh5 Nxh5 23. Qd1 Qg5 24. Qf3 Bg4 25. Qe3 Qxe3 26. fxe3 Nxg3 27. Rxf7 hxg2 28. Kxg2 Nxe4 29. Rh1+ Bh5+ 30. Kf1 Ng3+ 31. Kg2 Nxh1+ 32. Kxh1 Bxf7 33. Kh2 Ra7 34. e4 Bxb3 0-1

[Event "FRA-ch Blitz Online Qual"]
[Site "Europe Echecs INT"]
[Date "2020.05.16"]
[Round "13"]
[White "Villeneuve, Robin"]
[Black "Labrande, Theodore"]
[Result "0-1"]
[WhiteElo "1662"]
[BlackElo "2077"]
[PlyCount "84"]
[EventDate "2020.05.16"]
[EventType "swiss (blitz)"]
[EventRounds "15"]
[EventCountry "FRA"]
[SourceTitle "CBM 196 Extra"]
[Source "ChessBase"]
[SourceDate "2020.07.31"]
[SourceVersion "1"]
[SourceVersionDate "2020.07.31"]
[SourceQuality "1"]

1. e4 c5 2. d4 cxd4 3. c3 Nf6 4. e5 Nd5 5. cxd4 Nc6 6. Nf3 e6 7. Bc4 d6 8. Bxd5 exd5 9. Nc3 dxe5 10. dxe5 d4 11. Ne2 Bg4 12. Nexd4 Bb4+ 13. Bd2 Nxd4 14. Bxb4 Nxf3+ 15. gxf3 Qxd1+ 16. Rxd1 Bxf3 17. Kd2 0-0-0+ 18. Kc2 Rxd1 19. Rxd1 Bxd1+ 20. Kxd1 Re8 21. Bc3 g6 22. f4 Kd7 23. Ke2 Ke6 24. Kf3 Kf5 25. h3 h5 26. a3 Rd8 27. Ke3 Rd1 28. Bd4 a6 29. Bc3 Rh1 30. Kf2 Rxh3 31. Kg2 Rxc3 32. bxc3 Kxf4 33. e6 fxe6 34. Kf2 e5 35. Ke2 e4 36. c4 h4 37. Kf2 h3 38. Kg1 e3 39. Kf1 h2 40. Kg2 e2 41. Kxh2 e1Q 42. Kh3 Qg3# 0-1

[Event "Montaiguillon rapid 1st"]
[Site "Montagne"]
[Date "2019.09.08"]
[Round "1"]
[White "Lagarde, Maxime"]
[Black "Villeneuve, Robin"]
[Result "1-0"]
[WhiteElo "2657"]
[BlackElo "1530"]
[PlyCount "26"]
[EventDate "2019.09.08"]
[EventType "swiss (rapid)"]
[EventRounds "9"]
[EventCountry "FRA"]
[SourceTitle "EXT 2020"]
[Source "ChessBase"]
[SourceDate "2019.10.17"]
[SourceVersion "1"]
[SourceVersionDate "2019.10.17"]
[SourceQuality "1"]

1. d4 d5 2. Bf4 Nf6 3. e3 Bf5 4. Nf3 e6 5. Nc3 c6 6. Bd3 Bxd3 7. cxd3 Bd6 8. Ne5 Qe7 9. Qf3 Nbd7 10. g4 h6 11. h4 Nh7 12. g5 hxg5 13. hxg5 0-0-0 1-0